header

Erasing Iraq (Record no. 220445)

MARC details
000 -LEADER
fixed length control field 01484nam a2200349 a 4500
100 1# - MAIN ENTRY--AUTHOR NAME
Personal name Otterman, Michael.
245 10 - TITLE STATEMENT
Title Erasing Iraq
260 ## - PUBLICATION, DISTRIBUTION, ETC. (IMPRINT)
Place of publication London ;
-- New York :
Name of publisher Pluto Press :
-- In Association with the Plumbing Trades Employee Union of Australia (PTEU) :
-- Distributed in the United States of America exclusively by Palgrave Macmillan,
Year of publication 2010.
300 ## - PHYSICAL DESCRIPTION
Number of Pages xvi, 248 p.
650 #0 - SUBJECT ADDED ENTRY--TOPICAL TERM
Topical Term Iraq War, 2003-2011.
700 1# - ADDED ENTRY--PERSONAL NAME
Personal name Hil, Richard,
Personal name Wilson, Paul R.
856 40 - ELECTRONIC LOCATION AND ACCESS
Uniform Resource Identifier http://site.ebrary.com/lib/rucke/Doc?id=10480014

No items available.

© 2026 Rongo University
Contact us: librarian | system librarian | Rongo university